00393nam a2200145Ia 4500003000400000005001700004008004100021040000700062041000800069082001900077100001900096245007100115260004800186365001300234OSt20230608115110.0210423s2007 xx 000 0 und d cAL aeng a374 223bAGRD aAGRAWAL (S P). aDevelopment of adult continuing and non formal education in india. aNew DelhibConcept publishing companyc2007 b299cINR